ՀՀ Գիտությունների ազգային ակադեմիայի հիմնարար գիտական գրադարան  =   Fundamental Scientific Library of NAS RA

Дорожные машины : (Record no. 244765)

MARC details
000 -LEADER
fixed length control field 01208nam a2200217 a 4500
001 - CONTROL NUMBER
control field 000665850
003 - CONTROL NUMBER IDENTIFIER
control field AM-YeHGA
005 - DATE AND TIME OF LATEST TRANSACTION
control field 20250617141747.0
008 - FIXED-LENGTH DATA ELEMENTS--GENERAL INFORMATION
fixed length control field 090610s1972 ru |||||r|||||000|0|rus d
040 ## - CATALOGING SOURCE
Original cataloging agency AM-YeHGA
041 0# - LANGUAGE CODE
Language code of text/sound track or separate title rus
090 ## - LOCALLY ASSIGNED LC-TYPE CALL NUMBER (OCLC); LOCAL CALL NUMBER (RLIN)
-- 246350
245 00 - TITLE STATEMENT
Title Дорожные машины :
Remainder of title [каталог- справочник] /
Statement of responsibility, etc. М-во строительного, дорожного и коммунального машиностроения, ЦНИИТЭстроймаш.
260 ## - PUBLICATION, DISTRIBUTION, ETC.
Place of publication, distribution, etc. Москва :
Name of publisher, distributor, etc. Изд-во ЦНИИТЭстроймаш,
Date of publication, distribution, etc. 1972.
300 ## - PHYSICAL DESCRIPTION
Extent 483 с.
650 14 - SUBJECT ADDED ENTRY--TOPICAL TERM
Topical term or geographic name entry element Машиностроение
653 2# - INDEX TERM--UNCONTROLLED
Uncontrolled term машины для подготовительных работ
653 2# - INDEX TERM--UNCONTROLLED
Uncontrolled term автогрейдер
710 2# - ADDED ENTRY--CORPORATE NAME
Corporate name or jurisdiction name as entry element Министерство строительного, дорожного и коммунального машиностроения
710 2# - ADDED ENTRY--CORPORATE NAME
Corporate name or jurisdiction name as entry element Центральный научно-исследовательский институт информации и технико-экономических исследований по строительному, дорожному и коммунальному машиностроению
Holdings
Withdrawn status Lost status Damaged status Not for loan Collection Home library Current library Date acquired Total checkouts Full call number Barcode Date last seen Price effective from Koha item type Public note
        General Fundamental Scientific Library Fundamental Scientific Library 29/12/2016   PII/306286 FL0193562 29/12/2016 29/12/2016 Գրքեր / Books 30 Days Loan


ՀՀ ԳԱԱ հիմնարար գիտական գրադարան
ՀՀ,Երևան 0019
Մարշալ Բաղրամյան 24/6
հեռախոս:(374-10) 52-47-50
Հետադարձ կապ

All site content, except where otherwise noted, is licensed under a
Creative Commons License